000
00210nam a2200085Ia 4500
005
20250523150954.0
008
250523s9999 xx 000 0 und d
245
0
_a
Kennedy nin Beyni
_c
Henning Mankell
260
_b
ALTIN
999
_c
11908
_d
11908